| 000 | 00792nam a22002537i 4500 | ||
|---|---|---|---|
| 003 | URS | ||
| 005 | 20220120175530.0 | ||
| 008 | 170403b xxu||||| |||| 00| 0 eng d | ||
| 020 | _a9780071484312 | ||
| 040 |
_erda _cURS _bEnglish |
||
| 050 |
_aRT55 _b.H87n 2008 |
||
| 100 |
_aHurst, Marlene., _eauthor. _91038 |
||
| 245 |
_aNCLEX-RN review / _cMarlene Hurst. |
||
| 264 | 1 |
_aSingapore : _bMcGraw-Hills Education (Asia), _c©2008. |
|
| 300 |
_axi, 610 pages : _billustrations ; _c27 cm. |
||
| 336 |
_atext _btxt _2rdacontent |
||
| 337 |
_aunmediated _bn _2rdamedia |
||
| 338 |
_avolume _bnc _2rdacarrier |
||
| 440 | _aHurst reviews. | ||
| 500 | _aIncludes index. | ||
| 650 | 0 |
_aNursing care _vExaminations, questions, etc. _91039 |
|
| 650 |
_aNursing _vExamination questions. |
||
| 942 |
_2lcc _cFR |
||
| 999 |
_c10889 _d10889 |
||